000
00332nam a22001457a 4500
003
SGT
082
_a
610.7362
_b
S16K
100
_a
KAUR, RUPINDER
245
_a
SOLVED PAPERS IN CHILD HEALTH NURSING
250
_a
1ST
260
_a
INDIA
_b
PEE VEE PUB
_c
2016
300
_a
131
650
_a
CHILD HEALTH NURSING
942
_2
ddc
_c
BK
999
_c
34885
_d
34885